|
|
|
|
| LEADER |
00000nam0a2200000 4500 |
| 001 |
287888 |
| 005 |
20231102000031.0 |
| 020 |
|
|
|a RU
|b 85-53716
|
| 035 |
|
|
|a (RuTPU)RU\TPU\book\312331
|
| 090 |
|
|
|a 287888
|
| 100 |
|
|
|a 20150320d1985 m y0rusy5003 ca
|
| 101 |
0 |
|
|a rus
|
| 102 |
|
|
|a RU
|
| 105 |
|
|
|a c z 000zy
|
| 200 |
1 |
|
|a Свидетельствует репортер
|e сборник
|f П. Р. Барашев
|
| 210 |
|
|
|a Москва
|c Правда
|d 1985
|
| 215 |
|
|
|a 320 с.
|
| 606 |
1 |
|
|a Народное хозяйство СССР
|2 stltpush
|3 (RuTPU)RU\TPU\subj\36483
|9 57846
|
| 610 |
1 |
|
|a коммунистическое строительство
|
| 610 |
1 |
|
|a публицистика
|
| 610 |
1 |
|
|a репортажи
|
| 610 |
1 |
|
|a репортеры
|
| 610 |
1 |
|
|a история
|
| 610 |
1 |
|
|a 20 век
|
| 610 |
1 |
|
|a экспедиции
|
| 610 |
1 |
|
|a открытия
|
| 610 |
1 |
|
|a Антарктида
|
| 700 |
|
1 |
|a Барашев
|b П. Р.
|g Павел Романович
|4 070
|
| 801 |
|
0 |
|a RU
|b RuMRKP
|c 19950704
|g psbo
|
| 801 |
|
1 |
|a RU
|b 63413507
|c 20150320
|
| 801 |
|
2 |
|a RU
|b 63413507
|c 20180122
|g RCR
|
| 942 |
|
|
|c BK
|